| 000 | 01012nam a22003257a 4500 | ||
|---|---|---|---|
| 001 | BR0809608 | ||
| 003 | BR-BrBNA | ||
| 005 | 20230928102836.0 | ||
| 007 | ta | ||
| 008 | 230509b bl.||||| |||| 00| 0 por d | ||
| 040 |
_aBR-BrBNA _bpor _cBiblioteca Nacional de Agricultura |
||
| 041 | _a(Por) | ||
| 072 |
_aF60 _b2120 |
||
| 090 | _ 2120 BR0809608 | ||
| 100 | 1 | _aGrenho, A.I.S. | |
| 110 | 1 |
_aUniversidade de Brasília, DF (Brasil). Faculdade de Agronomia e Medicina veterinária _0Tese (Mestre em Ciências Agrárias) |
|
| 245 | 1 | _aInfluência do estresse hídrico na produtividade e qualidade de cinco genótipos de café | |
| 260 | 3 |
_aBrasília, DF (Brasil): _c2007. |
|
| 300 | _a30 p. | ||
| 500 | _aSummaries (Eng, Por); Seceral bibliography; 8 illus. | ||
| 650 | _aCAFÉ | ||
| 650 | _aGENÓTIPO | ||
| 650 | _aDEFICIÊNCIA HÍDRICA | ||
| 650 | _aSTRESS | ||
| 650 | _aPRODUTIVIDADE | ||
| 650 | _aQUALIDADE | ||
| 650 | _aIRRIGAÇÃO | ||
| 909 |
_a202309 _bLucia _c55 _dLucia Elande |
||
| 942 | _cBK | ||
| 999 |
_c72668 _d72668 |
||